Mozik a közművelődésben

Elmentve itt :
Bibliográfiai részletek
Szerző: Tandi Lajos
Dokumentumtípus: Cikk
Megjelent: 1974-05-26
Sorozat:Délmagyarország 64 No. 121
Kulcsszavak:közművelődés, film
Online Access:http://dmarchiv.bibl.u-szeged.hu/114965
LEADER 00450nab a2200157 i 4500
001 delm114965
005 20190415104252.0
008 190415s1974 hu o 0|| hun d
040 |a SZTE Délmagyarország Archívum  |b hun 
041 |a hun 
100 1 |a Tandi Lajos 
245 1 0 |a Mozik a közművelődésben  |h [elektronikus dokumentum] /  |c  Tandi Lajos 
260 |c 1974-05-26 
300 |a 5 
490 0 |a Délmagyarország  |v 64 No. 121 
695 |a közművelődés, film